MARC

LEADER 00000nam0a2200000 4500
001 250726
005 20231101232606.0
020 |a RU  |b 90-23564ж 
035 |a (RuTPU)RU\TPU\book\272948 
035 |a RU\TPU\book\252334 
090 |a 250726 
100 |a 20130131d1988 k y0rusy5003 ca 
101 0 |a rus 
102 |a RU 
105 |a a z 001zy 
200 1 |a Создание, исследование и внедрение новой техники в энергомашиностроении  |e сборник научных трудов  |f Научно-производственное объединение по исследованию и проектированию энергетического оборудования им. И. И. Ползунова (НПО ЦКТИ) ; под ред. И. К. Терентьева , Е. Л. Смирнова 
210 |a Ленинград  |c Изд-во НПО ЦКТИ  |d 1988 
215 |a 133 с.  |c ил.  |d 26 см 
225 1 |a Труды ЦКТИ  |v Вып. 243 
320 |a Библиогр. в конце ст. 
606 1 |a Энергомашиностроение  |2 stltpush  |3 (RuTPU)RU\TPU\subj\21347  |9 46362 
610 1 |a энергетическое оборудование 
610 1 |a энергооборудование 
610 1 |a проектирование 
610 1 |a исследование 
610 1 |a ЭВМ 
610 1 |a тепломассообмен 
610 1 |a интенсификация 
610 1 |a математическое моделирование 
675 |a 620.9.002  |z rus  |v 3 
702 1 |a Терентьев  |b И. К.  |4 340 
702 1 |a Смирнов  |b Е. Л.  |4 340 
712 0 2 |a Научно-производственное объединение по исследованию и проектированию энергетического оборудования им. И. И. Ползунова (НПО ЦКТИ)  |c (Санкт-Петербург)  |c (1994- )  |2 stltpush  |3 (RuTPU)RU\TPU\col\311 
801 1 |a RU  |b 63413507  |c 20140217 
801 2 |a RU  |b 63413507  |c 20140220  |g RCR 
942 |c BK